Sports Quiz

Random Sports or Football Quiz

Oregon Duck Trouble Quiz Stats

Quiz not verified by Sporcle

Challenge
Share
Tweet
Embed
Score 0/10 Timer 02:00
0 Plays Today
Act Athlete % Correct
Burglary in the 2nd degree. Marijuana possessionJeremiah Masoli
82.5%
3 charges of domestic violenceLaMichael James
80.6%
Speeding/Possession of marijuanaCliff Harris
37%
DUIKiko Alonso
31.7%
Misdemeanor assaultRob Beard
30.8%
Violation of team rules/alleged theftGarrett Embry
18.9%
Violation of team rulesJamere Holland
15.9%
Minor in possession of alcoholJosh Kaddu
6.7%
Misdemeanor assaultMatt Simms
6.4%
Misdemeanor assaultMike Bowlin
5.2%

You're not logged in!

Compare scores with friends on all Sporcle quizzes.
Join for Free
OR
Log In

You Might Also Like...

Show Comments

Extras

Top Quizzes Today


Score Distribution

Your Account Isn't Verified!

In order to create a playlist on Sporcle, you need to verify the email address you used during registration. Go to your Sporcle Settings to finish the process.

Report this User

Report this user for behavior that violates our Community Guidelines.

Details: